| 000 | 02553nam a22003975a 4500 | ||
|---|---|---|---|
| 001 | in503443586 | ||
| 005 | 20260128113449.0 | ||
| 008 | 260105s2025 |||| e|| |||||1|||||| | ||
| 020 |
_a9781538757987 _q(hardcover) |
||
| 020 |
_a9781538777305 _q(large type) |
||
| 020 |
_a9781538777121 _q(international trade) |
||
| 020 |
_a9781538778654 _q(signed edition) |
||
| 020 |
_a9781538780244 _q(B&N Black Friday signed edition) |
||
| 040 |
_beng _efda |
||
| 041 | 0 | _aeng | |
| 082 | 0 | 0 | _a813.54 |
| 092 | _aF | ||
| 100 | 1 |
_aBaldacci, David, _eauthor. _942885 |
|
| 245 | 1 | 0 |
_aNash Falls / _cDavid Baldacci. |
| 250 | _aFirst Edition: November 2025. | ||
| 264 | 1 |
_aNew York : _bGrand Central Publishing, _c2025. |
|
| 264 | 4 | _c©2025. | |
| 300 |
_a438 pages ; _c24 cm |
||
| 336 | _atext | ||
| 337 | _aunmediated | ||
| 338 | _avolume | ||
| 490 | 0 |
_aWalter Nash _v1 |
|
| 520 | _a"Walter Nash is an intelligent man, tough but fair-minded. He has a wife and a daughter and a very high-level position at Sybaritic Investments, where his innate skills and dogged tenacity have carried him to the top of the pyramid in his business career. Despite never going on grand adventures, and always working too many hours, he has a happy and upscale life with his family. However, following the funeral of his estranged Vietnam veteran father, Nash is unexpectedly approached by the FBI in the middle of the night. They have an important request: become their inside man to expose an enterprise that is laundering large sums of money through Sybaritic. At the top of this illegal operation is Victoria Steers, an international criminal mastermind whom the FBI has been trying to bring down for years. Nash has little choice but to accept the FBI's demands and try to bring Steers and her partners to justice. But when Steers discovers that Nash is working with the FBI, she turns the tables on him in a way he never could have contemplated. And that forces Nash to take his revenge: He must become the exact opposite of who he has always been. And even that may not be enough."-- Inside cover. | ||
| 650 | 0 |
_aCrime _vDetective and mystery stories. _96559911 |
|
| 650 | 0 |
_aInvestigations _vDetective and mystery stories. _96559912 |
|
| 650 | 0 |
_aUndercover operations _vDetective and mystery stories. _96559913 |
|
| 650 | 0 |
_aSpies _vDetective and mystery stories. _96559914 |
|
| 655 | 7 |
_2lcgft _aDetective and mystery fiction _95683641 |
|
| 655 | 7 |
_2lcgft _aThrillers (Fiction) |
|
| 942 |
_2ddc _cBOOK |
||
| 999 |
_c413486 _d413486 |
||